Countries Closest to the U.S. outside of North America - Statistics

General Stats
  • This quiz has been taken 46 times
  • The average score is 17 of 22
Answer Stats
mi country km % Correct
2031 Iceland 3268
90%
2 Russia 4
90%
1666 China 2681
88%
2560 United Kingdom 4119
88%
1776 Brazil 2859
86%
1053 Colombia 1695
86%
1366 Japan 2196
86%
1121 Venezuela 1804
86%
1651 Ecuador 2657
81%
1772 Guyana 2851
81%
1786 Peru 2874
81%
2305 South Korea 3709
81%
2046 Suriname 3293
81%
2503 Ireland 4029
79%
2045 North Korea 3291
79%
1035 Kiribati 1666
71%
2327 Mongolia 3745
69%
2496 Samoa 4018
69%
2598 Bolivia 4181
67%
2596 Norway 4178
64%
2468 Tuvalu 3972
60%
2075 Marshall Islands 3339
57%
No matching quizzes found
Score Distribution
Percent of People with Each Score
Percentile by Number Answered
Your Score History
You have not taken this quiz